| Tag |
First Indicator |
Second Indicator |
Subfields |
| LEADER |
00000cam a2200000 a 4500 |
| 001 |
in00002787701 |
| 005 |
20211120170408.0 |
| 006 |
m o d f |
| 007 |
cr bn||||||||| |
| 008 |
121115s1997 gau o f000 0 eng c |
| 035 |
|
|
|a (OCoLC)ocn818222810
|
| 040 |
|
|
|a GPO
|c GPO
|d MvI
|d UtOrBLW
|
| 042 |
|
|
|a pcc
|
| 043 |
|
|
|a n-us---
|
| 049 |
|
|
|a WWW
|
| 074 |
|
|
|a 0504-R-07 (online)
|
| 086 |
0 |
|
|a HE 20.520:T 29/2
|
| 245 |
0 |
0 |
|a Tetrachloroethylene (PERC).
|
| 264 |
|
1 |
|a Atlanta, GA :
|b Agency for Toxic Substances and Disease Registry, Division of Toxicology, Dept. of Health and Human Services, Public Health Service,
|c [1997]
|
| 300 |
|
|
|a 1 online resource (6 pages).
|
| 336 |
|
|
|a text
|b txt
|2 rdacontent
|
| 337 |
|
|
|a computer
|b c
|2 rdamedia
|
| 338 |
|
|
|a online resource
|b cr
|2 rdacarrier
|
| 490 |
1 |
|
|a Public health statement
|
| 500 |
|
|
|a Title from title screen (viewed on Nov. 15, 2012).
|
| 500 |
|
|
|a "September 1997."
|
| 500 |
|
|
|a "CAS#: 127-18-4."
|
| 500 |
|
|
|a Electronic resource.
|
| 650 |
|
0 |
|a Tetrachloroethylene
|x Health aspects
|z United States.
|
| 650 |
|
0 |
|a Tetrachloroethylene
|x Environmental aspects
|z United States.
|
| 650 |
|
0 |
|a Tetrachloroethylene
|x Safety measures.
|
| 710 |
1 |
|
|a United States.
|b Agency for Toxic Substances and Disease Registry.
|b Division of Toxicology.
|
| 830 |
|
0 |
|a Public health statements.
|
| 856 |
4 |
0 |
|u https://purl.fdlp.gov/GPO/gpo31358
|t 0
|
| 999 |
|
|
|a MARS
|
| 999 |
f |
f |
|s d42780ce-3db9-3a40-a102-0247d8e663ce
|i cafe23e5-d307-30c1-ac73-6a6cd6e695c4
|t 0
|
| 952 |
f |
f |
|a Texas A&M University
|b College Station
|c Electronic Resources
|d Available Online
|t 0
|e HE 20.520:T 29/2
|h Superintendent of Documents classification
|
| 998 |
f |
f |
|a HE 20.520:T 29/2
|t 0
|l Available Online
|